| 000 | 01091nam a22003137a 4500 | ||
|---|---|---|---|
| 005 | 20220329141224.0 | ||
| 008 | 971010s1984 r 00010 d | ||
| 010 | _a64639 | ||
| 011 | _a65611 | ||
| 035 | _a72714 | ||
| 082 |
_a631.16 _bR6 |
||
| 100 | 0 | 0 |
_aRodríguez Garay, Antonio. _998504 |
| 245 | _aManual de contabilidad agropecuaria | ||
| 260 |
_aMéxico, D.F. : _bBanco de México, _c1984 |
||
| 300 |
_a203 p. _b: apénd. |
||
| 500 | _aD98-247 | ||
| 590 |
_aBATCH-UPD _b10 _c20130109 _lUCH01 _h2351 |
||
| 590 |
_aBATCH-UPD _b10 _c20130110 _lUCH01 _h2018 |
||
| 590 |
_aBATCH-UPD _b10 _c20130409 _lUCH01 _h1923 |
||
| 590 |
_aBATCH-UPD _b10 _c20130410 _lUCH01 _h1336 |
||
| 590 |
_aBATCH-UPD _b10 _c20130914 _lUCH01 _h1406 |
||
| 590 |
_aCONVERSION _b10 _c20130109 _lUCH01 _h1335 |
||
| 650 | 1 | 4 |
_aAgricultura _xContabilidad. _91378 |
| 700 | 0 |
_aEstrada Ramos, Mateo. _938434 |
|
| 700 | 0 |
_aVillarreal Cisneros, Enrique. _9119575 |
|
| 710 | 0 |
_aFideicomisos Instituídos en Relación con la Agricultura. México. _940733 |
|
| 901 | _aBK | ||
| 949 |
_a631.16 R6 _bZA _cLIBRO _d-5434 _eLIBRO _h4893 _i72714 _si |
||
| 999 |
_c64639 _d64639 |
||